000 00539nam a2200157 4500
999 _c4758
_d4758
008 200828b ||||| |||| 00| 0 eng d
082 0 0 _a621.3
_bT398
100 _940
_aTheraja, B. L.
245 1 0 _aA textbook of electrical technology in S. I. system of units - Vol 3 : Transmission, distribution /
_cby B. L. Theraja and A. K. Theraja
250 _a21st ed.
260 _aNew Delhi:
_bNirja construction & development,
_c1994.
300 _a239 p.
650 0 _aElectrical Engineering
700 _91842
_aTheraja, A.K.
942 _2ddc
_cBK